เปลี่ยนเป็นภาษาไทย

Change to English
 แสดงรายละเอียดบรรณานุกรม
  กลับหน้าหลัก

Brief Record : Get Marc (ISO 2709) : E-mail record : QR code กลับ
หนังสือการแพทย์ E-books หนังสือทั่วไป : เกี่ยวกับ Collections
LEADER 00000nam 2200000uu 4500
001    39253
003     ULIBM
008    020711s2568 th a 000 0 tha d
020    9786166194487
060    WM 165 น587ก
100    นิดา ลิ้มสุวรรณ
245    การทำร้ายตัวเองในเด็กและวัยรุ่น=(Self-Harm in Chidren and Adolescents)/นิดา ลิ้มสุวรรณ
250    พิมพ์ครั้งที่ 2
260    กรุงเทพฯ :^bจุฬาลงกรณ์มหาวิทยาลัย,^c2568
300    228 หน้า ;^c30 ซม.
650    Self-injurious behavior in children
650    Self-injurious behavior in adolescence
650    Self-harm—Prevention
650    Children—Mental health
650    Teenagers—Mental health
650    การทำร้ายตนเองในเด็ก
650    การทำร้ายตนเองในวัยรุ่น
650    สุขภาพจิตเด็ก
650    สุขภาพจิตวัยรุ่น
650    พฤติกรรมเสี่ยงในเด็กและวัยรุ่น
710    ภาควิชาจิตเวชศาสตร์ คณะแพทยศาสตร์ โรงพยาบาลรามาธิบดี มหาวิทยาลัยมหิดล
999    ^aฐานิตา โสภะสุนทร
รายการนี้ยังไม่มีแท็ก
คุณยังไม่ได้ล็อกอิน คุณสามารถมีกิจกรรมร่วมกับเว็บไซต์ได้ แต่ต้องล็อกอินก่อน ::
  ล็อกอิน
ลำดับที่ ประเภท เลขเรียก/บาร์โค้ด สถานที่ สถานะ
1. หนังสือทั่วไป
หนังสือทั่วไป
WM 165 น587ก 2568 ฉ.1 
  Barcode: 005413
ห้องสมุดโรงพยาบาลจิตเวชขอนแก่นราชนครินทร์
►KRPH Library
On Shelf
  ขอยืม
2. หนังสือทั่วไป
หนังสือทั่วไป
WM 165 น587ก 2568 ฉ.2 
  Barcode: 005414
ห้องสมุดโรงพยาบาลจิตเวชขอนแก่นราชนครินทร์
►KRPH Library
On Shelf
  ขอยืม
3. หนังสือทั่วไป
หนังสือทั่วไป
WM 165 น587ก 2568 ฉ.3 
  Barcode: 005415
ห้องสมุดโรงพยาบาลจิตเวชขอนแก่นราชนครินทร์
►KRPH Library
On Shelf
  ขอยืม
   [แสดง 3/3 รายการ]

รายการใกล้เคียง
    ผู้แต่ง [นิดา ลิ้มสุวรรณ]

    หัวเรื่อง [สุขภาพจิตเด็ก]
    หัวเรื่อง [สุขภาพจิตวัยรุ่น]

BibComment


ยังไม่เคยถูกคอมเมนท์

คอมเมนท์ทรัพยากรรายการนี้
  คอมเมนท์: การทำร้ายตัวเองใน..
Bib 39253


 Union Library Management : ULibM
Copyright 2026. All Rights Reserved.